| 000 | 00902nam a2200229Ia 4500 | ||
|---|---|---|---|
| 001 | 9818 | ||
| 003 | GE_BSU | ||
| 008 | 181216s||||||||xx |||||||||||||| ||und|| | ||
| 040 | _cGE_BSU | ||
| 080 | _a821.353.1(038)+82'374(038)=353.1 | ||
| 100 | _aორბელიანი,სულხან–საბა | ||
| 245 | _aთზულებანი 4 ტომად. ტ.4. ლექსიკონი ქართული | ||
| 245 | _bნაკვ.1 | ||
| 245 | _cავტოგრ. ნუსხების მიხედვით გამოსაც. მოამზ.ილია აბულაძემ | ||
| 260 | _aთბილისი | ||
| 260 | _bსაბჭოთა საქართველო | ||
| 260 | _c1965 | ||
| 300 | _a638გვ.22სმ. | ||
| 653 | _aთზულებანი | ||
| 653 | _aლექსიკონი ქართული | ||
| 942 | _cBK | ||
| 999 |
_c43097 _d43097 |
||